Theology & The Third World Church (Record no. 11058)

MARC details
000 -LEADER
fixed length control field 00636nam a2200241 a 4500
001 - CONTROL NUMBER
control field 0001-1058
003 - CONTROL NUMBER IDENTIFIER
control field ELIB.Books
008 - FIXED-LENGTH DATA ELEMENTS--GENERAL INFORMATION
fixed length control field 141205 2010 eng
020 ## - INTERNATIONAL STANDARD BOOK NUMBER
International Standard Book Number 0853643210
035 ## - SYSTEM CONTROL NUMBER
System control number (ELIB.Books)0001-1213
092 ## - LOCALLY ASSIGNED DEWEY CALL NUMBER (OCLC)
Classification number 261.85
Item number Kir
100 ## - MAIN ENTRY--PERSONAL NAME
Personal name Kirk, J. Andrew.
245 ## - TITLE STATEMENT
Title Theology & The Third World Church
260 ## - PUBLICATION, DISTRIBUTION, ETC. (IMPRINT)
Place of publication, distribution, etc. Exeter
Name of publisher, distributor, etc. The Paternoster Press
Date of publication, distribution, etc. 1983
300 ## - PHYSICAL DESCRIPTION
Extent 64
Dimensions 21 Cm
500 ## - GENERAL NOTE
General note Dr. Yahalaylayla
650 ## - SUBJECT ADDED ENTRY--TOPICAL TERM
Topical term or geographic name as entry element A Study in New Testament Theology
856 ## - ELECTRONIC LOCATION AND ACCESS
Name of location of host KBTS; Library
Uniform Resource Identifier <a href="KBTS; Elib.">KBTS; Elib.</a>
942 ## - ADDED ENTRY ELEMENTS (KOHA)
Source of classification or shelving scheme Dewey Decimal Classification
Koha item type Books
990 ## - EQUIVALENCES OR CROSS-REFERENCES [LOCAL, CANADA]
Link information for 9XX fields 1
998 ## - LOCAL CONTROL INFORMATION (RLIN)
Cataloger's initials, CIN (RLIN) bat
-- 2014-12-05
Holdings
Withdrawn status Lost status Source of classification or shelving scheme Damaged status Not for loan Home library Current library Date acquired Total Checkouts Barcode Date last seen Bill Date Koha item type
    Dewey Decimal Classification     Karen Baptist Theological Seminary Library Karen Baptist Theological Seminary Library 05/12/2014   15202 22/01/2022 22/01/2022 Books
Implemented & Customized by: BestBookBuddies

Powered by Koha